Tehokkaimmat pelaajat Suomen jääkiekkomaajoukkueessa - Statistics

Yleistilastot
  • Tätä visaa on pelattu 406 kertaa
  • Keskiarvotulos 9 / 30
Vastaustilastot
Vastaus % Oikein
7. Teemu Selänne
94%
11. Saku Koivu
86%
2. Ville Peltonen
73%
30. Jari Kurri
70%
1. Raimo Helminen
70%
12. Timo Jutila
56%
5. Petteri Nummelin
43%
8. Janne Ojanen
42%
20. Olli Jokinen
38%
19. Jarkko Immonen
32%
29. Jussi Jokinen
30%
14. Juhani Tamminen
29%
28. Raimo Summanen
27%
3. Mika Nieminen
26%
13. Veli-Pekka Ketola
26%
10. Esa Keskinen
23%
17. Niko Kapanen
23%
24. Petri Kontiola
20%
18. Kari Jalonen
18%
6. Esa Peltonen
14%
4. Lasse Oksanen
14%
22. Jukka Hentunen
12%
26. Kimmo Rintanen
10%
23. Tomi Kallio
10%
9. Matti Keinonen
8%
27. Hannu Järvenpää
3%
16. Raimo Kilpio
3%
25. Heino Pulli
2%
21. Lauri Mononen
2%
15. Jorma Peltonen
1%
Ehtoja vastaavia visoja ei löytynyt
Tulosjakauma
Jokaisen tuloksen saaneiden osuus
Persentiili vastausten määrän mukaan
Tuloshistoriasi
Et ole pelannut tätä visaa